| 000 | 005200000a22001930004500 | ||
|---|---|---|---|
| 001 | 003541 | ||
| 003 | MACL | ||
| 005 | 20150731130155.0 | ||
| 008 | 150731b xxu||||| |||| 00| 0 eng d | ||
| 040 |
_aMACL _cMACL |
||
| 041 | _aEnglish | ||
| 082 | _a362.5/SAR | ||
| 100 |
_aSarma, K.S.R.N. _93179 |
||
| 245 |
_aState And Urban Poor _bCase Of History _cK.S.R.N. Sarma |
||
| 260 |
_aNew Delhi _c2004 _bIndian Institute Of Public Administration, |
||
| 350 | _a450 | ||
| 650 |
_aSocial Science _93732 |
||
| 942 |
_k363 _cBK _2ddc |
||
| 999 |
_c15441 _d15441 |
||